Les featurings de Gazo - Statistiques

Statistiques générales
  • Ce quiz a été pris 1 095 fois
    402 depuis la dernière actualisation
  • Le résultat moyen est 31 sur 75
Statistiques - réponses
Département Artiste Sons % Correct
93 Tiakola KASSAV (2021), Mode AV (2022), FLEURS (2022), LA MELO EST GANGX (2023), NOTRE DAME (2024)
98%
95 Favé NO LÈCHE (2023), Flashback (2023)
92%
13 Jul Dors on te piétine (2020), Le classico organisé (2021), BIRTHDAY (2024)
92%
91 Koba LaD Daddy chocolat (2021), Le classico organisé (2021)
90%
75 Leto Big Meech (2021), NO LÈCHE (2023), Dans le noir (2023)
89%
93 Freeze Corleone Drill FR 4 (2020), 91.93 (2021)
87%
91 Ninho MAUVAIS 2X (2022), C'est carré le S (2023)
87%
13 Naps Le classico organisé (2021), Vamos (2022), C'est carré le S (2023), CŒUR DE ICE (2024)
84%
ALG Soolking Casanova (2023)
83%
BEL Damso BODIES (2022), LA RUE (2023)
82%
BEL Hamza DRILL FR 5 (2021), Spaghetti (2021)
81%
91 Niska Mode AV (2022), R.A.S (2022)
80%
92 Kerchak NO LÈCHE (2023)
79%
93 Heuss L'enfoiré Saiyan (2023)
78%
92 PLK Le classico organisé (2021), Ça mène à rien (2024)
71%
Unknown La Mano 1.9 POP (2024)
69%
13 SCH Le classico organisé (2021)
69%
93 Timal Filtré (2022)
69%
972 Kalash Tu le sais (2021), Qwer (2022)
64%
BEL Angèle NOTRE DAME (2024)
61%
US Offset WEMBY (2024)
57%
61 Orelsan OPTIMALE (2024)
52%
93 Werenoi La famine (2024)
52%
ESP Morad FIESTA (2024)
51%
Unknown Kim Love & Lové (2021)
49%
75 Guy2Bezbar Spaghetti (2021), Le classico organisé (2021)
48%
93 Landy GO (2021), Maybach (2023)
48%
93 Dadju Picsou (2022)
47%
Unknown Yamê PURE CODEI (2024)
46%
75 Gims ORO JACKSON (2020)
45%
93 Maes La Pègre (2023)
45%
93 DA Uzi On se reverra plus (2022)
43%
93 Kaaris Five O (2020)
43%
13 Tayc B O N & M A U V A I S (2021)
43%
13 Alonzo Toute la Noché (2025)
42%
75 Franglish GO (2021), Big Drip (2022)
42%
91 Ronisia 200 KM/H (2022)
42%
Unknown LEVELSANTANA Drill FR 6 (2023)
40%
13 Soso Maness Le classico organisé (2021)
40%
69 ASHE 22 X3 (2021)
35%
13 Kofs Le classico organisé (2021)
35%
Unknown Luciano ON A (2021), Moonlight (2021)
35%
Unknown Adèle Castillon Ce soir (2024)
34%
243 Fally Ipupa SELELE (2024)
34%
Unknown Skread GRA GRA BOOM (2022)
34%
75 Mister V Gas (2021)
31%
BEL Shay À l'envers (2024)
31%
Unknown Hache-P CACHE COU (2021), Canon (2021)
30%
94 Lacrim Vrais salauds (2024)
30%
94 Rsko 100 Mi-Temps (2022)
30%
Unknown M Huncho M.A.L.A (2022)
29%
93 Liim's 1ère sommation (2023)
25%
UK Headie One 22 Carats (2022)
22%
78 Bosh Validé II (2021)
19%
Unknown Kima J'encaisse (2022), No makeup (2024)
18%
Unknown Sam's Validé II (2021)
17%
45 Dosseh Place de l'Etoile (2020)
16%
BEL Frenetik Armé et dangereux (2021)
14%
Unknown Dadinho Sucré Dadi (2021)
11%
75 S.Pri Noir AR (2021)
11%
Unknown Himra Grrr pa (2021)
10%
Unknown Pa Salieu MON CHER (2021)
10%
Unknown Unknown T MON CHER (2021)
10%
Unknown Rapi Sati My Men (2022)
9%
ITA Baby Gang Shoot (2022)
8%
Unknown Jeff LSD (2020), MRC (2021), Maracas (2021)
8%
Unknown Capo Plaza Everyday Everynight (2022)
7%
75 Cheu-B Catch'Opps (2021)
7%
Unknown Django LCQS (2020)
7%
Unknown Sidiki Diabaté Terminus (2023)
7%
Unknown Tiitof M'en aller (2021)
7%
Unknown Bendo Tmax (2023)
5%
Unknown Sacky Shoot (2022)
5%
Unknown Ismo Z17 Baby (2020)
4%
Unknown JB 91.93 (2021)
2%
Aucun quiz correspondant
Distribution des résultats
% des personnes avec chaque résultat
Percentile par nombre de réponses
Votre historique - résultats
Vous n’avez pas pris ce quiz depuis la dernière actualisation